Применение металлокрепи при проведении и креплении рассечек; Совершенствование технологии разработки крутых пластов Кузбасса

Dades bibliogràfiques
Parent link:Совершенствование технологии разработки крутых пластов Кузбасса.— 1974.— С. 102-107
Altres autors: Сударев В. А., Башаров Н. Г., Тихонова И. А., Ессе В. Ф.
Idioma:rus
Publicat: 1974
Format: MixedMaterials Capítol de llibre
KOHA link:https://koha.lib.tpu.ru/cgi-bin/koha/opac-detail.pl?biblionumber=223759

MARC

LEADER 00000naa2a2200000 4500
001 223759
005 20231031200303.0
035 |a (RuTPU)RU\TPU\book\244028 
035 |a RU\TPU\book\244025 
090 |a 223759 
100 |a 20121016d1974 k y0rusy50 ca 
101 0 |a rus 
102 |a RU 
200 1 |a Применение металлокрепи при проведении и креплении рассечек  |f В. А. Сударев [и др.] 
463 0 |0 (RuTPU)RU\TPU\book\243837  |t Совершенствование технологии разработки крутых пластов Кузбасса  |f Кузнецкий научно-исследовательский угольный институт (КузНИУИ)  |v С. 102-107  |d 1974  |p 261 с.  |s Сборник ; № 25 
701 1 |a Сударев  |b В. А. 
701 1 |a Башаров  |b Н. Г. 
701 1 |a Тихонова  |b И. А. 
701 1 |a Ессе  |b В. Ф. 
801 1 |a RU  |b 63413507  |c 20121016 
801 2 |a RU  |b 63413507  |c 20121016  |g RCR 
942 |c BK